[Event "Canarias-chT"]
[Site "Vecindario"]
[Date "2019.06.16"]
[Round "6.3"]
[White "Diaz Perez, Jose Juan"]
[Black "Suarez Ramirez, Jonay"]
[Result "1-0"]
[WhiteElo "1770"]
[BlackElo "1809"]
[PlyCount "43"]
[EventDate "2019.06.13"]
[EventType "team-swiss"]
[EventRounds "6"]
[EventCountry "ESP"]
[SourceTitle "EXT 2020"]
[Source "ChessBase"]
[SourceDate "2019.10.17"]
[SourceVersion "1"]
[SourceVersionDate "2019.10.17"]
[SourceQuality "1"]
[WhiteTeam "Sociedad La Montana"]
[BlackTeam "Hotel Avda de Canarias II"]
[WhiteTeamCountry "ESP"]
[BlackTeamCountry "ESP"]

1. d4 Nf6 2. Nc3 c5 3. d5 d6 4. e4 g6 5. Be2 Bg7 6. Be3 0-0 7. g4 Qa5 8. f3 a6 9. h4 Bxg4 10. fxg4 Nxe4 11. Bd2 Nxd2 12. Qxd2 b5 13. Nd1 b4 14. Nf3 Nd7 15. Ne3 Nb6 16. Kf2 Bxb2 17. Rag1 Bg7 18. Nf5 gxf5 19. gxf5 Kh8 20. Rxg7 Kxg7 21. f6+ Kh8 22. Qh6 1-0

[Event "Liga Insular Gran Canaria 1a"]
[Site "Las Palmas"]
[Date "2019.04.06"]
[Round "5.2"]
[White "Diaz Perez, Jose Juan"]
[Black "Suarez Ramirez, Jonay"]
[Result "1/2-1/2"]
[WhiteElo "1770"]
[BlackElo "1829"]
[PlyCount "24"]
[EventDate "2019.03.02"]
[EventType "team-tourn"]
[EventRounds "7"]
[EventCountry "ESP"]
[SourceTitle "EXT 2021"]
[Source "ChessBase"]
[SourceDate "2020.10.23"]
[SourceVersion "1"]
[SourceVersionDate "2020.10.23"]
[SourceQuality "1"]
[WhiteTeam "Sociedad La Montana II"]
[BlackTeam "Hotel Avda de Canarias III"]
[WhiteTeamCountry "ESP"]
[BlackTeamCountry "ESP"]

1. e4 c5 2. Nf3 Nc6 3. d4 cxd4 4. Nxd4 g6 5. Nc3 Bg7 6. Be3 Nf6 7. f3 0-0 8. g4 Qb6 9. Na4 Qa5+ 10. Nc3 Qb4 11. Nxc6 bxc6 12. Qd4 Qxd4 1/2-1/2

[Event "Liga Insular Gran Canaria 1a"]
[Site "Las Palmas"]
[Date "2019.03.02"]
[Round "1.2"]
[White "Diaz Perez, Jose Juan"]
[Black "Fernandez Arce, Aketza"]
[Result "0-1"]
[WhiteElo "1770"]
[BlackElo "1630"]
[PlyCount "76"]
[EventDate "2019.03.02"]
[EventType "team-tourn"]
[EventRounds "7"]
[EventCountry "ESP"]
[SourceTitle "EXT 2021"]
[Source "ChessBase"]
[SourceDate "2020.10.23"]
[SourceVersion "1"]
[SourceVersionDate "2020.10.23"]
[SourceQuality "1"]
[WhiteTeam "Sociedad La Montana II"]
[BlackTeam "Grandama II"]
[WhiteTeamCountry "ESP"]
[BlackTeamCountry "ESP"]

1. d4 Nf6 2. Bg5 Ne4 3. h4 c5 4. Qd3 Nxg5 5. hxg5 Qa5+ 6. Nd2 cxd4 7. Ngf3 e5 8. 0-0-0 Nc6 9. a3 d5 10. e4 dxe3 11. Nb3 Qc7 12. Qxe3 Be6 13. Bb5 Bd6 14. g6 e4 15. gxf7+ Bxf7 16. g3 a6 17. Be2 0-0-0 18. Ng5 h6 19. Bg4+ Kb8 20. Ne6 Bxe6 21. Bxe6 d4 22. Qxe4 Rhf8 23. f4 Rde8 24. Rhe1 Rf6 25. Qd5 g5 26. Nxd4 Nxd4 27. Rxd4 gxf4 28. gxf4 Bxf4+ 29. Kb1 Qb6 30. Rde4 Bg3 31. R1e2 Rd8 32. Qc4 Rf1+ 33. Ka2 Rdd1 34. b4 Ra1+ 35. Kb3 Rfb1+ 36. Ka4 Bc7 37. Bd5 a5 38. Re6 Rxb4+ 0-1

[Event "Canarias-chT"]
[Site "Vecindario"]
[Date "2018.06.02"]
[Round "4.4"]
[White "Cruz Ramirez, Nauzet"]
[Black "Diaz Perez, Jose Juan"]
[Result "1-0"]
[WhiteElo "2011"]
[BlackElo "1750"]
[PlyCount "69"]
[EventDate "2018.05.31"]
[EventType "team-swiss"]
[EventRounds "6"]
[EventCountry "ESP"]
[SourceTitle "EXT 2019"]
[Source "ChessBase"]
[SourceDate "2018.10.10"]
[SourceVersion "1"]
[SourceVersionDate "2018.10.10"]
[SourceQuality "1"]
[WhiteTeam "Hotel Avda de Canarias"]
[BlackTeam "Sociedad La Montana"]
[WhiteTeamCountry "ESP"]
[BlackTeamCountry "ESP"]

1. Nf3 Nf6 2. g3 g6 3. b3 Bg7 4. Bb2 0-0 5. Bg2 d5 6. 0-0 Re8 7. c4 c6 8. d3 Na6 9. Nbd2 Bg4 10. a3 Bxf3 11. Nxf3 e6 12. Qc2 Qb6 13. Rac1 dxc4 14. dxc4 Qc5 15. Ne5 Rad8 16. b4 Qe7 17. Bc3 Nd7 18. Ng4 f5 19. Bxg7 Kxg7 20. Ne3 Nf6 21. c5 Qc7 22. Nc4 e5 23. Qb2 Nb8 24. Nd6 Re7 25. Rfd1 Ne8 26. Nc4 Rxd1+ 27. Rxd1 Nd7 28. f4 Nef6 29. Rd6 Kf7 30. fxe5 Ng4 31. Qb3 Kg7 32. e6 Nde5 33. Qc3 Kf6 34. h3 Rxe6 35. hxg4 1-0

[Event "Arrecife de Lanzarote op"]
[Site "Arrecife de Lanzarote"]
[Date "2017.06.17"]
[Round "9"]
[White "Navio Lopez, Manuel Alberto"]
[Black "Diaz Perez, Jose Juan"]
[Result "1-0"]
[WhiteElo "1581"]
[BlackElo "1741"]
[PlyCount "51"]
[EventDate "2017.06.11"]
[EventType "swiss"]
[EventRounds "9"]
[EventCountry "ESP"]
[SourceTitle "EXT 2019"]
[Source "ChessBase"]
[SourceDate "2018.10.10"]
[SourceVersion "1"]
[SourceVersionDate "2018.10.10"]
[SourceQuality "1"]

1. d4 Nf6 2. c4 e6 3. Nc3 c5 4. d5 exd5 5. cxd5 d6 6. Nf3 g6 7. Nd2 Bg7 8. Nc4 0-0 9. Bf4 Ne8 10. Qd2 a6 11. Ne4 f5 12. Nexd6 b5 13. Nxe8 Rxe8 14. Nd6 Rf8 15. Nxc8 Qxc8 16. Rc1 Re8 17. g3 Nd7 18. Bg2 c4 19. d6 Rb8 20. 0-0 Kh8 21. Rfd1 Qc5 22. Be3 Qe5 23. Rc2 Re6 24. Bc6 Rd8 25. Qa5 Bf6 26. Bd4 1-0

[Event "Arrecife de Lanzarote op"]
[Site "Arrecife de Lanzarote"]
[Date "2017.06.14"]
[Round "6"]
[White "Guerra Arrocha, Daniel"]
[Black "Diaz Perez, Jose Juan"]
[Result "1-0"]
[WhiteElo "2139"]
[BlackElo "1741"]
[PlyCount "73"]
[EventDate "2017.06.11"]
[EventType "swiss"]
[EventRounds "9"]
[EventCountry "ESP"]
[SourceTitle "EXT 2018"]
[Source "ChessBase"]
[SourceDate "2017.10.13"]
[SourceVersion "1"]
[SourceVersionDate "2017.10.13"]
[SourceQuality "1"]

1. d4 e6 2. c4 c5 3. d5 exd5 4. cxd5 d6 5. Nc3 Nf6 6. e4 g6 7. Bd3 Bg7 8. h3 0-0 9. Nf3 Re8 10. 0-0 b6 11. Re1 Ba6 12. Bf4 Bxd3 13. Qxd3 a6 14. a4 Qc7 15. e5 dxe5 16. Nxe5 Qd8 17. Nc4 Nbd7 18. Nd6 Re7 19. a5 b5 20. Nb7 Qe8 21. Rxe7 Qxe7 22. Bd6 Ne5 23. Bxe7 Nxd3 24. Nxc5 Nxc5 25. Bxc5 Rd8 26. Rd1 Bf8 27. Bd4 Bg7 28. b4 Ne8 29. Bb6 Rd7 30. Ne4 Nf6 31. Nc5 Rxd5 32. Rxd5 Nxd5 33. Nxa6 Be5 34. Nc5 Nxb4 35. a6 Nd5 36. Nd7 b4 37. a7 1-0

[Event "Arrecife de Lanzarote op"]
[Site "Arrecife de Lanzarote"]
[Date "2017.06.13"]
[Round "5"]
[White "Diaz Perez, Jose Juan"]
[Black "Macias Reyes, Jose Luis"]
[Result "1-0"]
[WhiteElo "1741"]
[BlackElo "1450"]
[PlyCount "71"]
[EventDate "2017.06.11"]
[EventType "swiss"]
[EventRounds "9"]
[EventCountry "ESP"]
[SourceTitle "EXT 2019"]
[Source "ChessBase"]
[SourceDate "2018.10.10"]
[SourceVersion "1"]
[SourceVersionDate "2018.10.10"]
[SourceQuality "1"]

1. d4 d5 2. c4 c6 3. Nc3 Nf6 4. Bf4 a6 5. c5 Nbd7 6. b4 Nh5 7. Bg5 g6 8. e3 Bg7 9. Be2 Nhf6 10. Bf4 0-0 11. h4 Re8 12. Nf3 Ne4 13. Rc1 Ndf6 14. Ne5 Nd7 15. Nxe4 dxe4 16. Nc4 Nf6 17. Nb6 Ra7 18. Bc4 Nd7 19. Qb3 e6 20. Bd6 Bf8 21. Bxf8 Rxf8 22. Na4 Nf6 23. Nc3 Nd5 24. Nxe4 b6 25. Nd6 bxc5 26. dxc5 Nc7 27. Rd1 Qf6 28. a4 Rd8 29. g3 Ne8 30. Nxe8 Rxe8 31. 0-0 Qe7 32. Rd6 Bd7 33. Rfd1 Rb8 34. Bxa6 Rxa6 35. Rxd7 Qxc5 36. Rd8+ 1-0

[Event "Gran Canaria Santana Memorial 4th"]
[Site "Gran Canaria"]
[Date "2015.11.23"]
[Round "2"]
[White "Diaz Perez, Jose Juan"]
[Black "Camino Carrio, Nicanor"]
[Result "0-1"]
[WhiteElo "1717"]
[BlackElo "1991"]
[PlyCount "35"]
[EventDate "2015.11.20"]
[EventType "swiss"]
[EventRounds "9"]
[EventCountry "ESP"]
[SourceTitle "EXT 2017"]
[Source "ChessBase"]
[SourceDate "2016.10.25"]
[SourceVersion "1"]
[SourceVersionDate "2016.10.25"]
[SourceQuality "1"]

1. e4 c5 2. Nf3 d6 3. d4 cxd4 4. Nxd4 Nf6 5. Nc3 g6 6. Be3 Bg7 7. f3 0-0 8. Bc4 Nc6 9. Qd2 Bd7 10. 0-0-0 b5 11. Nxc6 Bxc6 12. Bxb5 Bxb5 13. Nxb5 Qb8 14. Nc3 Qb7 15. Bh6 Rfb8 16. b3 Bh8 17. Kb1 Qb4 18. Na4 0-1

[Event "Canarias-chT"]
[Site "Vecindario"]
[Date "2015.06.11"]
[Round "1.3"]
[White "Gutierrez Olivares, Daniel"]
[Black "Diaz Perez, Jose Juan"]
[Result "1-0"]
[WhiteElo "2257"]
[BlackElo "1779"]
[PlyCount "43"]
[EventDate "2015.06.11"]
[EventType "team-swiss"]
[EventRounds "6"]
[EventCountry "ESP"]
[SourceTitle "EXT 2024"]
[Source "ChessBase"]
[SourceDate "2023.10.10"]
[SourceVersion "1"]
[SourceVersionDate "2023.10.10"]
[SourceQuality "1"]
[WhiteTeam "Villa de Teror"]
[BlackTeam "Sociedad La Montana"]
[WhiteTeamCountry "ESP"]
[BlackTeamCountry "ESP"]

1. e4 e6 2. d4 d5 3. e5 c5 4. Qg4 cxd4 5. Nf3 Nc6 6. Bd3 Qc7 7. Qg3 Nge7 8. 0-0 Ng6 9. Re1 Be7 10. h4 Bf8 11. c3 dxc3 12. Nxc3 a6 13. h5 Nge7 14. Bf4 Bd7 15. a3 0-0-0 16. b4 g6 17. b5 axb5 18. Nxb5 Qa5 19. Nd6+ Kb8 20. Rab1 Bc8 21. Nxf7 Bg7 22. h6 1-0

[Event "Las Palmas Insular-chT Pref-A"]
[Site "Las Palmas"]
[Date "2015.03.07"]
[Round "9.3"]
[White "Amador Garcia, Ismael"]
[Black "Diaz Perez, Jose Juan"]
[Result "1/2-1/2"]
[WhiteElo "1519"]
[BlackElo "1779"]
[PlyCount "83"]
[EventDate "2014.11.22"]
[EventType "team-tourn"]
[EventRounds "14"]
[EventCountry "ESP"]
[SourceTitle "EXT 2016"]
[Source "ChessBase"]
[SourceDate "2015.10.08"]
[SourceVersion "1"]
[SourceVersionDate "2015.10.08"]
[SourceQuality "1"]
[WhiteTeam "Dominicas"]
[BlackTeam "La Montana"]
[WhiteTeamCountry "ESP"]
[BlackTeamCountry "ESP"]

1. e4 e6 2. d4 d5 3. Nc3 Bb4 4. e5 c5 5. Bd2 Nc6 6. Nb5 Bxd2+ 7. Qxd2 Nxd4 8. Nxd4 cxd4 9. Qxd4 Ne7 10. Bd3 Nc6 11. Qf4 Qa5+ 12. c3 d4 13. Ne2 dxc3 14. Nxc3 Qxe5+ 15. Qxe5 Nxe5 16. Be4 f5 17. Bc2 g5 18. 0-0-0 Kf7 19. Nb5 a6 20. Nd6+ Kf6 21. Rhe1 Nf7 22. a4 Rd8 23. Nxf7 Rxd1+ 24. Rxd1 Kxf7 25. Rd8 b5 26. a5 h5 27. Bd1 g4 28. h3 Kf6 29. f4 Bb7 30. Rxa8 Bxa8 31. hxg4 hxg4 32. g3 e5 33. Kd2 exf4 34. gxf4 Ke6 35. b4 Be4 36. Bb3+ Bd5 37. Bc2 g3 38. Ke3 g2 39. Kf2 Kf6 40. Kg1 Bf3 41. Bb3 Ke7 42. Kf2 1/2-1/2

[Event "Las Palmas Insular-chT Pref-A"]
[Site "Las Palmas"]
[Date "2015.01.31"]
[Round "6.4"]
[White "Gonzalez Armas, Dinia"]
[Black "Diaz Perez, Jose Juan"]
[Result "1-0"]
[WhiteElo "1768"]
[BlackElo "1779"]
[PlyCount "60"]
[EventDate "2014.11.22"]
[EventType "team-tourn"]
[EventRounds "14"]
[EventCountry "ESP"]
[SourceTitle "EXT 2016"]
[Source "ChessBase"]
[SourceDate "2015.10.08"]
[SourceVersion "1"]
[SourceVersionDate "2015.10.08"]
[SourceQuality "1"]
[WhiteTeam "Grandama Santa Lucia"]
[BlackTeam "La Montana"]
[WhiteTeamCountry "ESP"]
[BlackTeamCountry "ESP"]

1. e4 c5 2. Nc3 d6 3. f4 Nc6 4. Nf3 a6 5. Bc4 e6 6. d3 b5 7. Bb3 g6 8. 0-0 Bg7 9. Qe1 Nge7 10. a3 0-0 11. f5 exf5 12. Bg5 h6 13. Qh4 Kh7 14. Nd5 f6 15. Nxf6+ Rxf6 16. Bxf6 Bxf6 17. Qxf6 Qh8 18. Qxd6 Ra7 19. Qxc5 f4 20. d4 Rd7 21. c3 g5 22. Bc2 Qg7 23. e5+ Kh8 24. Be4 Bb7 25. Rae1 h5 26. h4 gxh4 27. e6 h3 28. Qxh5+ Kg8 29. Qxh3 Rd6 30. Qh5 Na5 1-0

[Event "Las Palmas Insular-chT Pref-A"]
[Site "Las Palmas"]
[Date "2015.01.24"]
[Round "5.4"]
[White "Diaz Perez, Jose Juan"]
[Black "Aleman Velazquez, Jose Antonio"]
[Result "1-0"]
[WhiteElo "1779"]
[BlackElo "1435"]
[PlyCount "91"]
[EventDate "2014.11.22"]
[EventType "team-tourn"]
[EventRounds "14"]
[EventCountry "ESP"]
[SourceTitle "EXT 2016"]
[Source "ChessBase"]
[SourceDate "2015.10.08"]
[SourceVersion "1"]
[SourceVersionDate "2015.10.08"]
[SourceQuality "1"]
[WhiteTeam "La Montana"]
[BlackTeam "La Bagacera"]
[WhiteTeamCountry "ESP"]
[BlackTeamCountry "ESP"]

1. e4 e5 2. Nf3 Nc6 3. Bc4 Be7 4. d4 exd4 5. c3 Nf6 6. e5 Ne4 7. 0-0 0-0 8. Re1 d5 9. Bd3 f5 10. cxd4 Nb4 11. Nc3 Nxd3 12. Qxd3 c5 13. dxc5 Bxc5 14. Be3 Bxe3 15. Rxe3 Nxc3 16. Qxc3 f4 17. Rd3 Bf5 18. Rd4 Rc8 19. Qb4 Be4 20. Nd2 Qc7 21. f3 Bg6 22. Rxd5 Rfe8 23. Re1 Bf7 24. Rd6 Re6 25. Nb3 b6 26. Qxf4 Rce8 27. Rxe6 Bxe6 28. Qc1 Qf7 29. Qc3 Rc8 30. Qe3 Qg6 31. Nd4 Re8 32. Nxe6 Qxe6 33. b3 Rc8 34. Qe4 a5 35. f4 g6 36. h3 Rc3 37. Rd1 Qc6 38. Qxc6 Rxc6 39. Rd6 Rxd6 40. exd6 Kf7 41. Kf2 Ke6 42. Ke3 Kxd6 43. Kd4 Ke6 44. g4 h5 45. a4 Kf6 46. Kd5 1-0

[Event "Las Palmas Insular-chT Pref-A"]
[Site "Las Palmas"]
[Date "2015.01.17"]
[Round "4.4"]
[White "Dominguez Gutierrez, Juan C"]
[Black "Diaz Perez, Jose Juan"]
[Result "1/2-1/2"]
[WhiteElo "1562"]
[BlackElo "1779"]
[PlyCount "34"]
[EventDate "2014.11.22"]
[EventType "team-tourn"]
[EventRounds "14"]
[EventCountry "ESP"]
[SourceTitle "EXT 2016"]
[Source "ChessBase"]
[SourceDate "2015.10.08"]
[SourceVersion "1"]
[SourceVersionDate "2015.10.08"]
[SourceQuality "1"]
[WhiteTeam "Anand Iberia II"]
[BlackTeam "La Montana"]
[WhiteTeamCountry "ESP"]
[BlackTeamCountry "ESP"]

1. e4 c5 2. Nf3 d6 3. d4 cxd4 4. Nxd4 Nf6 5. Nc3 a6 6. g3 Nc6 7. Bg2 Qb6 8. Nb3 Bg4 9. Nd5 Nxd5 10. Qxg4 Nf6 11. Qd1 g6 12. 0-0 Bg7 13. Be3 Qc7 14. a4 0-0 15. f4 h5 16. h3 Rac8 17. c3 Nd7 1/2-1/2

[Event "Gran Canaria Dominguez Memoral 1st"]
[Site "Gran Canaria"]
[Date "2014.04.07"]
[Round "7"]
[White "Diaz Perez, Jose Juan"]
[Black "Camino Carrio, Nicanor"]
[Result "0-1"]
[WhiteElo "1783"]
[BlackElo "2050"]
[PlyCount "58"]
[EventDate "2014.03.17"]
[EventType "swiss"]
[EventRounds "7"]
[EventCountry "ESP"]
[SourceTitle "EXT 2015"]
[Source "ChessBase"]
[SourceDate "2014.11.20"]
[SourceVersion "1"]
[SourceVersionDate "2014.11.20"]
[SourceQuality "1"]

1. d4 Nf6 2. c4 g6 3. Nc3 Bg7 4. e4 d6 5. f4 0-0 6. Nf3 Na6 7. Be2 e5 8. fxe5 dxe5 9. d5 Qd6 10. h3 Nh5 11. 0-0 Ng3 12. Re1 f5 13. Bd3 Nb4 14. Nb5 Qe7 15. Bg5 Bf6 16. Bxf6 Rxf6 17. Nc3 Qc5+ 18. Kh2 Qf2 19. a3 Nxd3 20. Qxd3 Nh5 21. Nxe5 Qf4+ 22. Kg1 Qxe5 23. exf5 Bxf5 24. Qd2 Qd6 25. g4 Qg3+ 26. Qg2 Qxg2+ 27. Kxg2 Nf4+ 28. Kg3 Bd3 29. Rad1 Raf8 0-1

[Event "Las Palmas Insular-chT Primera-A"]
[Site "Las Palmas"]
[Date "2013.12.21"]
[Round "5.4"]
[White "Molina Rosa, Cecilio"]
[Black "Diaz Perez, Jose Juan"]
[Result "0-1"]
[WhiteElo "1198"]
[BlackElo "1758"]
[PlyCount "88"]
[EventDate "2013.11.09"]
[EventType "team-tourn"]
[EventRounds "14"]
[EventCountry "ESP"]
[SourceTitle "EXT 2015"]
[Source "ChessBase"]
[SourceDate "2014.11.20"]
[SourceVersion "1"]
[SourceVersionDate "2014.11.20"]
[SourceQuality "1"]
[WhiteTeam "Maspalomas "]
[BlackTeam "Claudio Mendoza"]
[WhiteTeamCountry "ESP"]
[BlackTeamCountry "ESP"]

1. e4 c5 2. Nc3 d6 3. Bc4 Nf6 4. a3 e6 5. Nf3 Nc6 6. d3 a6 7. 0-0 Be7 8. Rb1 0-0 9. Bg5 b5 10. Ba2 Bb7 11. Qd2 Qc7 12. b4 Rfd8 13. Rfe1 Rac8 14. Bf4 cxb4 15. axb4 Nxb4 16. Bb3 Qxc3 17. Qxc3 Rxc3 18. Red1 Nxc2 19. Bxc2 Rxc2 20. Nd4 Rcc8 21. Nf3 d5 22. e5 Nd7 23. Be3 Bc5 24. d4 Be7 25. Bd2 Rc6 26. Ba5 Rdc8 27. Bd2 h6 28. h3 Nb6 29. Be1 Na4 30. Rd3 Rc1 31. Rxc1 Rxc1 32. Kh2 b4 33. Rb3 a5 34. g4 Nc3 35. Bd2 Rc2 36. Bxc3 Rxc3 37. Rb1 Rxf3 38. Kg2 Rc3 39. f3 a4 40. Kg3 a3 41. h4 b3 42. Rd1 b2 43. Rb1 Rc1 44. Rxc1 bxc1Q 0-1